[Event "8th ch-Euro"]
[Site "Dresden GER"]
[Date "2007.04.08"]
[Round "6"]
[White "Rahls,P"]
[Black "Boettger,L"]
[Result "1-0"]
[WhiteElo "2336"]
[BlackElo "2096"]
[EventDate "2007.04.03"]

1. e4 d5 2. exd5 Qxd5 3. Nc3 Qa5 4. d4 Nf6 5. Bc4 Bg4 6. Qd3 e6 7. Bd2 Qf5
8. Qe3 Nc6 9. f3 Nb4 10. Bd3 Nxd3+ 11. cxd3 Bh5 12. g4 Bxg4 13. fxg4 Nxg4
14. Qf3 O-O-O 15. h3 Nf6 16. Qxf5 exf5 17. Nf3 Bd6 18. O-O-O h6 19. Ne5
Bxe5 20. dxe5 Nh5 21. Rhf1 g6 22. Kc2 Ng7 23. Ne2 g5 24. Bc3 Rhg8 25. h4
Rd7 26. Ng3 f4 27. Ne4 Nf5 28. Nf6 Ne3+ 29. Kd2 Nxf1+ 30. Rxf1 Rg6 31. h5
Rxf6 32. exf6 c5 33. Re1 c4 34. Re8+ Kc7 35. Re7 cxd3 36. Rxd7+ 1-0

[Event "8th ch-Euro"]
[Site "Dresden GER"]
[Date "2007.04.08"]
[Round "6"]
[White "Lorscheid,G"]
[Black "Schmidt,Rau"]
[Result "0-1"]
[WhiteElo "2285"]
[BlackElo "1979"]
[EventDate "2007.04.03"]

1. d4 Nf6 2. c4 d6 3. Nc3 Bf5 4. f3 e5 5. d5 e4 6. Qd4 exf3 7. gxf3 Nh5 8.
Bd2 Be7 9. O-O-O Bf6 10. Qf2 Nd7 11. e4 Bg6 12. Nge2 Nc5 13. Be3 Bh4 14.
Qg1 Qe7 15. Bh3 O-O 16. Nd4 Kh8 17. Bf5 Nd7 18. Qf1 Rad8 19. Rg1 Nb8 20.
Qh3 c5 21. dxc6 bxc6 22. Kb1 Bf6 23. Bg4 Bxd4 24. Bxd4 Nf4 25. Qg3 Ne6 26.
Be3 f5 27. exf5 Bxf5+ 28. Ka1 Na6 29. Rde1 Nb4 30. Rg2 Nd3 31. Rd1 Bxg4 32.
fxg4 Ne5 33. c5 Nc4 34. cxd6 Rxd6 35. Re1 Rd3 36. Rge2 Qd7 37. Qg1 Nxe3 38.
Rxe3 Nd4 39. Re7 Qd8 40. Kb1 Nf3 41. Qxa7 Nxe1 42. Rxe1 Rd2 43. Qc5 Rxh2
44. Rd1 Qb8 45. b3 h6 46. Qxc6 Rc8 47. Qf3 Qe5 48. Rd3 Qa5 49. a4 Qb4 50.
Nb5 Rf8 51. Qd1 Qe4 52. Nc3 Qg2 53. Qc1 Rf1 0-1

[Event "8th ch-Euro"]
[Site "Dresden GER"]
[Date "2007.04.08"]
[Round "6"]
[White "Eichner,S"]
[Black "Fink,L"]
[Result "1/2-1/2"]
[WhiteElo "2276"]
[BlackElo "2064"]
[EventDate "2007.04.03"]

1. d4 Nf6 2. Nf3 g6 3. c4 Bg7 4. Nc3 d6 5. e4 O-O 6. h3 e5 7. d5 a5 8. Bg5
Na6 9. Be2 Nc5 10. Nd2 Bd7 11. b3 h6 12. Be3 Nh7 13. g4 f5 14. gxf5 gxf5
15. Rg1 Qh4 16. Nf3 Qf6 17. Qd2 Kh8 18. O-O-O a4 19. Rxg7 Kxg7 20. Bxh6+
Kh8 21. b4 Nxe4 22. Nxe4 fxe4 23. Ng5 Qf4 24. Nxh7 Qxd2+ 25. Kxd2 Kxh7 26.
Bxf8 Rxf8 27. Ke3 Rf4 28. Rg1 Rh4 29. Bg4 Bxg4 30. hxg4 Kg6 31. c5 Rh3+ 32.
Kxe4 Ra3 33. Ra1 Kg5 34. f3 b6 35. cxd6 cxd6 36. b5 Rc3 37. Rh1 Rc2 38.
Rh5+ Kg6 39. Rh8 Rc4+ 40. Ke3 Rc5 41. Ke4 Rc4+ 42. Ke3 Rc5 43. Rg8+ Kf7 44.
Ra8 Rxd5 45. Rxa4 Rxb5 46. f4 Ra5 47. Rxa5 bxa5 48. f5 Kf6 49. Ke4 Kg5 50.
a4 Kf6 51. Kd5 Kg5 52. Ke4 Kf6 53. Kd5 Kg5 54. Ke6 e4 55. f6 e3 56. f7 e2
57. f8=Q e1=Q 58. Kd7 Kxg4 59. Qg7+ Kf5 60. Qf7+ Kg5 61. Qg8+ Kf5 62. Qf8+
Kg5 63. Qxd6 Qb4 64. Qe5+ Kg4 65. Qe2+ Kf4 66. Qb5 Ke3 67. Kc6 Qxb5+ 68.
axb5 a4 69. b6 a3 70. b7 a2 71. b8=Q a1=Q 72. Qg3+ Kd2 73. Qf2+ Kc1 74.
Qe1+ Kb2 75. Qxa1+ Kxa1 1/2-1/2

[Event "8th ch-Euro"]
[Site "Dresden GER"]
[Date "2007.04.08"]
[Round "6"]
[White "Kongevold,H"]
[Black "Giemsa,S"]
[Result "0-1"]
[WhiteElo "2178"]
[BlackElo "2286"]
[EventDate "2007.04.03"]

1. c4 Nf6 2. Nf3 g6 3. Nc3 d5 4. Qa4+ Bd7 5. Qb3 dxc4 6. Qxc4 a6 7. g3 b5
8. Qb3 c5 9. Bg2 Nc6 10. d3 Rc8 11. Be3 Be6 12. Qd1 Nd4 13. Ng5 Bd7 14. O-O
Bg7 15. a4 b4 16. Bxd4 cxd4 17. Nd5 Nxd5 18. Bxd5 e6 0-1

[Event "8th ch-Euro"]
[Site "Dresden GER"]
[Date "2007.04.08"]
[Round "6"]
[White "Nagatz,F"]
[Black "Katte,N"]
[Result "1-0"]
[WhiteElo "2276"]
[BlackElo "1928"]
[EventDate "2007.04.03"]

1. d4 Nf6 2. c4 e6 3. Nf3 Bb4+ 4. Bd2 c5 5. g3 O-O 6. Bg2 Na6 7. O-O Qa5 8.
a3 Bxd2 9. Nbxd2 cxd4 10. b4 Qh5 11. Nxd4 e5 12. Nb5 d6 13. Nxd6 Bh3 14. e4
Ng4 15. Nf3 Rad8 16. c5 Bxg2 17. Kxg2 f5 18. Qb3+ Kh8 19. exf5 Rxf5 20.
Nxf5 Qxf5 21. Rad1 Rf8 22. h3 Nf6 23. Qe3 e4 24. Nd4 Qg6 25. Ne6 Rg8 26.
Rd8 Rxd8 27. Nxd8 Nd5 28. Qg5 Qxg5 29. Nf7+ Kg8 30. Nxg5 e3 31. Re1 h6 32.
Ne6 exf2 33. Kxf2 Nc3 34. Nd8 Nc7 35. Nxb7 N7b5 36. Nd6 Nxa3 37. Ra1 Nab5
38. Nxb5 Nxb5 39. Ra5 1-0

[Event "8th ch-Euro"]
[Site "Dresden GER"]
[Date "2007.04.08"]
[Round "6"]
[White "Loew,G"]
[Black "Baer,So"]
[Result "1/2-1/2"]
[WhiteElo "2285"]
[BlackElo "2121"]
[EventDate "2007.04.03"]

1. c4 b6 2. Nc3 c5 3. e4 Bb7 4. g3 Nf6 5. Bg2 d6 6. d3 e6 7. f4 a6 8. Nf3
Qc7 9. O-O Be7 10. h3 O-O 11. g4 Nc6 12. Be3 Rfd8 13. Rc1 Rac8 14. d4 cxd4
15. Nxd4 Nxd4 16. Bxd4 Nd7 17. b3 Qb8 18. Qe2 Re8 19. Qf2 Ba8 20. Qe2 Nc5
21. Bf2 Bb7 22. Bg3 Qa8 23. Kh2 Rcd8 24. Bf2 Rc8 25. Bg3 Rcd8 1/2-1/2

[Event "8th ch-Euro"]
[Site "Dresden GER"]
[Date "2007.04.08"]
[Round "6"]
[White "Johansen,P"]
[Black "Luechtemeier,P"]
[Result "0-1"]
[WhiteElo "2108"]
[BlackElo "2270"]
[EventDate "2007.04.03"]

1. e4 c6 2. d4 d5 3. f3 e6 4. e5 c5 5. c3 Nc6 6. f4 Nh6 7. Nf3 Qb6 8. Bd3
Bd7 9. dxc5 Bxc5 10. Qb3 Qc7 11. h3 O-O-O 12. Qc2 f6 13. b4 Be7 14. Qe2
Nxb4 15. O-O Nxd3 16. Qxd3 Nf5 17. Re1 Qb6+ 18. Kh2 Qf2 19. Qd2 Qg3+ 20.
Kh1 Nh4 21. Nxh4 Qxh4 22. Ba3 Bxa3 23. Nxa3 fxe5 24. Qe3 exf4 25. Qxa7 f3
26. Rab1 fxg2+ 27. Kg1 Bc6 28. Rxe6 Qa4 29. Rxc6+ Qxc6 30. Rb5 Qa6 31. Qc5+
Kb8 32. Kxg2 Qg6+ 33. Kh1 Rhe8 34. Qf2 Qe4+ 35. Kg1 Qe1+ 36. Qxe1 Rxe1+ 37.
Kf2 Rc1 38. Rb3 Re8 39. Nb5 Rc2+ 40. Kf3 Rxa2 41. Rb1 Rae2 42. Nd6 R8e7 43.
Nf5 R7e5 44. Nd6 R5e3+ 45. Kf4 Re7 46. Rb5 Kc7 47. Rxd5 Kc6 48. Rd4 Rd7 49.
Kf3 Rxd6 50. Rc4+ Kd5 51. Rd4+ Ke5 52. Rxd6 Kxd6 53. Kxe2 Kc5 54. Kd3 b5
55. h4 g6 56. Ke4 Kc4 57. Ke5 Kxc3 58. Kf6 b4 59. Kg7 b3 60. Kxh7 b2 61.
Kxg6 b1=Q+ 0-1

[Event "8th ch-Euro"]
[Site "Dresden GER"]
[Date "2007.04.08"]
[Round "6"]
[White "Almond,R"]
[Black "Lochte,T"]
[Result "1/2-1/2"]
[WhiteElo "2109"]
[BlackElo "2221"]
[EventDate "2007.04.03"]

1. d4 Nf6 2. c4 e5 3. dxe5 Ng4 4. e4 Nxe5 5. f4 Nec6 6. Be3 Bb4+ 7. Nc3 Qe7
8. Bd3 f5 9. Qc2 d6 10. Nge2 fxe4 11. Bxe4 Bf5 12. O-O-O Bxe4 13. Nxe4 O-O
14. Kb1 Nd7 15. Bc1 Rae8 16. Ng5 Nf6 17. Ng3 h6 18. Nf3 Qf7 19. Nh4 Bc5 20.
Ngf5 Re4 21. b3 Rfe8 22. Qd3 Bf2 23. Rhf1 Bxh4 24. Nxh4 Qh5 25. Nf3 Re2 26.
Rd2 R8e3 27. Qxe2 Qf5+ 28. Ka1 Rxe2 29. Rxe2 Nb4 30. Rd1 Ne4 31. Bb2 Nc5
32. Nd4 Qg4 33. h3 Qxf4 34. a3 Nbd3 35. Bc3 Ne4 36. Ne6 Qf5 37. Nd4 Qc5 38.
Rxe4 Qxa3+ 39. Kb1 Ne5 40. Bb2 Qb4 41. Re3 a5 42. Nc2 Qb6 43. Bxe5 dxe5 44.
Rd5 a4 45. b4 Qc6 1/2-1/2

[Event "8th ch-Euro"]
[Site "Dresden GER"]
[Date "2007.04.08"]
[Round "6"]
[White "Sejkora,V"]
[Black "Magar,J"]
[Result "1/2-1/2"]
[WhiteElo "2213"]
[BlackElo "2093"]
[EventDate "2007.04.03"]

1. e4 e5 2. Nf3 Nf6 3. Nc3 Bb4 4. d3 d5 5. exd5 Nxd5 6. Bd2 Nxc3 7. bxc3
Bd6 8. Be2 O-O 9. O-O Nc6 10. h3 Bf5 11. Rb1 Rb8 12. Bg5 f6 13. Be3 Qd7 14.
Nh4 Be6 15. c4 b6 16. g4 Ne7 17. Bf3 c5 18. Ng2 Rbd8 19. Rb5 Bc7 20. Qe2
Qd6 21. Be4 Bd7 22. Rbb1 f5 23. gxf5 Bxf5 24. Bg5 Rde8 25. Bxe7 Qxe7 26.
Kh2 Rf6 27. Ne3 Be6 28. Rg1 Ref8 29. Rbf1 Rh6 30. Rg3 Qh4 31. Rh1 Kh8 32.
Kg2 Bd8 33. Bf3 Rhf6 34. Ng4 Bxg4 35. hxg4 Qg5 36. Rh5 Qg6 37. Be4 Rxf2+
38. Qxf2 Rxf2+ 39. Kxf2 Qf6+ 40. Rf3 Qe7 41. Rxh7+ Kg8 42. Rfh3 Qg5 43.
Bd5+ Kf8 44. Rh8+ Ke7 45. Ke2 Kd7 46. Rf3 Bf6 47. Ra8 Qc1 48. Rxa7+ Kd6 49.
Kf2 Qxc2+ 50. Kg3 e4 51. Rxf6+ gxf6 52. Bxe4 Qd2 53. Kf3 Qd1+ 54. Kg3 Qe1+
55. Kf3 Qd1+ 56. Kg3 Ke5 57. Re7+ Kd4 58. Bf5 Qg1+ 59. Kf3 1/2-1/2

[Event "8th ch-Euro"]
[Site "Dresden GER"]
[Date "2007.04.08"]
[Round "6"]
[White "Hutchinson,N"]
[Black "Czap,B"]
[Result "1-0"]
[WhiteElo "2110"]
[BlackElo "2207"]
[EventDate "2007.04.03"]

1. e4 e6 2. d4 d5 3. Nd2 Nf6 4. e5 Nfd7 5. Ngf3 c5 6. c3 Nc6 7. Bd3 a5 8.
O-O g6 9. Re1 Bg7 10. Nb1 O-O 11. Na3 cxd4 12. cxd4 f6 13. exf6 Nxf6 14.
Nb5 Qb6 15. Bf4 Ne8 16. Be3 Nb4 17. Bf1 Nd6 18. Nc3 Nf5 19. Qb3 Nxe3 20.
fxe3 Qd8 21. Rac1 Nc6 22. Na4 Qd6 23. a3 Rb8 24. Qb6 Bf6 25. Bb5 Bd8 26.
Qc5 Qxc5 27. Nxc5 Na7 28. Bd7 b6 29. Bxe6+ Bxe6 30. Nxe6 Rf6 31. Nxd8 Rxd8
32. Ne5 Nb5 33. a4 Nd6 34. Rc6 Ne4 35. Rec1 Rdd6 36. Rc8+ Rf8 37. Rxf8+
Kxf8 38. Rc8+ Kg7 39. Rc7+ Kg8 40. Rd7 g5 41. Rxd6 Nxd6 42. Nd7 Kf7 43.
Nxb6 Ke6 44. Kf2 h5 45. Ke2 g4 46. Kd3 h4 47. b4 axb4 48. a5 h3 49. gxh3
gxh3 50. a6 b3 51. a7 b2 52. Kc2 1-0

[Event "8th ch-Euro"]
[Site "Dresden GER"]
[Date "2007.04.08"]
[Round "6"]
[White "Lyell,M"]
[Black "Mayer,Frank2"]
[Result "1-0"]
[WhiteElo "2212"]
[BlackElo "2083"]
[EventDate "2007.04.03"]

1. e4 e6 2. d4 d5 3. e5 c5 4. c3 Nc6 5. Nf3 Bd7 6. Be2 Nge7 7. Na3 Ng6 8.
Nc2 f6 9. exf6 gxf6 10. O-O Qc7 11. Be3 cxd4 12. Ncxd4 Nxd4 13. Qxd4 Be7
14. c4 Bc6 15. cxd5 Bxd5 16. Qa4+ Kf7 17. Rac1 Qb8 18. Rfe1 a6 19. Bb6 Rc8
20. Rxc8 Qxc8 21. Nd4 e5 22. Bf3 Bxf3 23. Nxf3 Qe6 24. Qa5 Nf4 25. Be3 Nxg2
26. Nxe5+ fxe5 27. Kxg2 Rg8+ 28. Kf1 Qc4+ 29. Re2 Rd8 30. Bd2 Bf6 31. Qc3
Qxa2 32. Qc7+ Kg8 33. Bc3 Qd5 34. Kg1 Qd1+ 35. Re1 Qg4+ 36. Kf1 Qh3+ 37.
Kg1 Kh8 38. Bxe5 Qg4+ 39. Bg3 Qf3 40. Qf7 Qd5 1-0

[Event "8th ch-Euro"]
[Site "Dresden GER"]
[Date "2007.04.08"]
[Round "6"]
[White "Leiber,B"]
[Black "Grigoryan Lyell,M"]
[Result "1-0"]
[WhiteElo "2172"]
[BlackElo "2061"]
[EventDate "2007.04.03"]

1. d4 d5 2. Nf3 Nc6 3. Bf4 Bg4 4. e3 e6 5. c4 Nf6 6. Nc3 Bd6 7. Bg3 Bxg3 8.
hxg3 Qd6 9. Qb3 Qb4 10. Ne5 Qxb3 11. axb3 Nxe5 12. dxe5 Nd7 13. cxd5 Nxe5
14. f3 Bf5 15. e4 Bg6 16. f4 Ng4 17. Be2 Nf6 18. Ra4 h6 19. g4 exd5 20. f5
Bh7 21. exd5 Kd7 22. Kf2 h5 23. gxh5 Bxf5 24. g4 Bc2 25. Rc1 Bxb3 26. Rb4
Bxd5 27. Rd1 c6 28. Rxb7+ Ke6 29. g5 Ne4+ 30. Nxe4 Bxe4 31. Rdd7 Bd5 32.
Rxf7 Rhf8 33. g6 c5 34. Rbe7+ Kd6 35. Rd7+ Ke6 36. Bg4+ Ke5 37. Rxd5+ Kxd5
38. Bf3+ Ke6 39. Bxa8 Rxa8 40. Rxg7 Rb8 41. Rxa7 Rxb2+ 42. Kf3 Rb8 43. Kf4
c4 44. Rc7 Rb5 45. g7 Rb8 46. h6 c3 47. h7 1-0

[Event "8th ch-Euro"]
[Site "Dresden GER"]
[Date "2007.04.08"]
[Round "6"]
[White "Kregelin,J"]
[Black "Salewski,B"]
[Result "1/2-1/2"]
[WhiteElo "2181"]
[BlackElo "2043"]
[EventDate "2007.04.03"]

1. e4 e6 2. Qe2 e5 3. Nf3 Nc6 4. g3 Bc5 5. Bg2 d6 6. O-O Bg4 7. c3 Qd7 8.
d3 Bh3 9. Be3 Bxe3 10. Qxe3 Nf6 11. Nbd2 Bxg2 12. Kxg2 O-O 13. Nh4 d5 14.
Ndf3 dxe4 15. dxe4 Qg4 16. Rfe1 Qe6 17. Nf5 h6 18. h3 Kh7 19. g4 Rfd8 20.
Kh2 Qc4 21. g5 Rd3 22. Qe2 Nxe4 23. gxh6 gxh6 24. Ne3 Qa6 25. c4 Rad8 26.
Rac1 Nd4 27. Nxd4 R8xd4 28. Nf5 Rd2 29. Qg4 Qf6 30. Rg1 Ng5 31. Nxd4 Rxd4
32. Qg3 Rh4 33. Kg2 Rxh3 34. Qg4 h5 35. Qe2 Rf3 36. Rc3 e4 37. Kf1 Kh6 38.
Qd2 h4 39. Rb3 a6 40. Rh1 Kh5 41. Qe2 Qf4 42. Re3 h3 43. Rxe4 Qxe4 44.
Rxh3+ Kg6 1/2-1/2

[Event "8th ch-Euro"]
[Site "Dresden GER"]
[Date "2007.04.08"]
[Round "6"]
[White "Windelband,J"]
[Black "Calder,D"]
[Result "1-0"]
[WhiteElo "2174"]
[BlackElo "2009"]
[EventDate "2007.04.03"]

1. e4 Nf6 2. e5 Nd5 3. d4 d6 4. Nf3 Bg4 5. Be2 c6 6. c4 Nb6 7. Nbd2 dxe5 8.
Nxe5 Bxe2 9. Qxe2 e6 10. a3 N8d7 11. Nxd7 Qxd7 12. Nf3 Be7 13. Be3 O-O 14.
Rd1 Bf6 15. O-O Qc7 16. g3 Nc8 17. Bf4 Qd7 18. Ne5 Bxe5 19. dxe5 Qc7 20. g4
Ne7 21. Rd6 Ng6 22. Bg3 Rfd8 23. Rfd1 Rxd6 24. exd6 Qa5 25. Qe3 b5 26. b4
Qd8 27. cxb5 cxb5 28. Qc5 Qd7 29. Qc7 Rd8 30. Rc1 f5 31. Qxd7 Rxd7 32. Rc7
Rxc7 33. dxc7 Ne7 34. Bh4 Nc8 35. Kg2 Kf7 36. Kf3 h6 37. g5 hxg5 38. Bxg5
e5 39. Bd2 Kf6 40. Bc3 g6 41. Kg3 Ke6 42. Kh4 e4 43. Kg5 Kf7 44. Bd4 a6 45.
Bc5 Kg7 46. h4 Kf7 47. h5 gxh5 48. Kxf5 Ke8 49. Kxe4 Kd7 50. Kf4 Kxc7 51.
Kg5 Nd6 52. Bxd6+ Kxd6 53. Kxh5 Kd5 54. f4 Kc4 55. f5 Kb3 56. f6 Kxa3 57.
f7 Kxb4 58. f8=Q+ Ka4 59. Qc5 a5 60. Qc2+ Kb4 61. Qb2+ Ka4 62. Kg5 b4 63.
Qa2+ Kb5 64. Qb3 a4 65. Qd5+ Kb6 66. Qc4 Ka5 67. Qc5+ 1-0

[Event "8th ch-Euro"]
[Site "Dresden GER"]
[Date "2007.04.08"]
[Round "6"]
[White "Schnoor,E"]
[Black "Jaenig,R"]
[Result "1/2-1/2"]
[WhiteElo "1905"]
[BlackElo "2176"]
[EventDate "2007.04.03"]

1. e4 c5 2. Nf3 e6 3. d4 cxd4 4. Nxd4 a6 5. Bd3 Nf6 6. O-O Qc7 7. Qe2 d6 8.
c4 g6 9. Nc3 Bg7 10. Kh1 O-O 11. f4 Nbd7 12. Nf3 b6 13. Bd2 Bb7 14. Rac1
Rac8 15. b4 Rfe8 16. Rfd1 1/2-1/2

[Event "8th ch-Euro"]
[Site "Dresden GER"]
[Date "2007.04.08"]
[Round "6"]
[White "Hesselbarth,K"]
[Black "Zweschper,E"]
[Result "0-1"]
[WhiteElo "1929"]
[BlackElo "2170"]
[EventDate "2007.04.03"]

1. d4 Nf6 2. c4 d6 3. Nc3 Nbd7 4. e4 e5 5. d5 Be7 6. Nf3 Nc5 7. Qc2 a5 8.
Be2 h6 9. Be3 b6 10. O-O Bg4 11. Rad1 g5 12. Rfe1 Ncd7 13. Nd2 Nf8 14. Nf1
Bd7 15. Ng3 Ng6 16. Nf5 g4 17. Nxh6 Kf8 18. Nf5 Nh4 19. Bh6+ Kg8 20. Be3
Bxf5 21. exf5 Qd7 22. Bd3 Rh5 23. Ne4 Nxe4 24. Bxe4 Kh8 25. Qe2 Rg8 26. Rd3
Nxf5 27. f4 Nxe3 28. Qxe3 f5 29. fxe5 dxe5 30. d6 Bg5 31. Qf2 fxe4 32. Rxe4
Qh7 0-1

[Event "8th ch-Euro"]
[Site "Dresden GER"]
[Date "2007.04.08"]
[Round "6"]
[White "Kostopoulos,E"]
[Black "Marville,G"]
[Result "1-0"]
[WhiteElo "2103"]
[BlackElo "2020"]
[EventDate "2007.04.03"]

1. d4 d5 2. Nc3 Nf6 3. Bg5 Nbd7 4. Nf3 h6 5. Bf4 c6 6. Qd3 Qb6 7. O-O-O e6
8. e4 dxe4 9. Nxe4 Nxe4 10. Qxe4 Nf6 11. Qe1 Bb4 12. c3 Be7 13. Bd3 a5 14.
Ne5 a4 15. g4 a3 16. b3 Nd5 17. Bd2 c5 18. dxc5 Bxc5 19. f4 Ne3 20. Nc4
Nxc4 21. Bxc4 O-O 22. Qe2 Bd7 23. h4 Ra4 24. Bd3 e5 25. f5 Bc6 26. Rh3 Bd5
27. Bc2 e4 28. g5 e3 29. Bxe3 Bxe3+ 30. Rxe3 Bxb3 31. Bxb3 Rxh4 32. g6 Rh2
33. gxf7+ Kh7 34. Qxh2 Qxe3+ 35. Qd2 Qe5 36. Qd4 Qe2 37. Qd2 Qe5 38. Re1
Qb5 39. Rg1 1-0

[Event "8th ch-Euro"]
[Site "Dresden GER"]
[Date "2007.04.08"]
[Round "6"]
[White "Pick,Stef"]
[Black "Bruned,V"]
[Result "1-0"]
[WhiteElo "2067"]
[BlackElo "1945"]
[EventDate "2007.04.03"]

1. d4 Nf6 2. Nf3 e6 3. Bg5 h6 4. Bh4 d6 5. Nbd2 g5 6. Bg3 Nh5 7. e3 a6 8.
Bd3 Bg7 9. c3 Bd7 10. Qb3 Nxg3 11. hxg3 b6 12. O-O-O Nc6 13. g4 Na5 14. Qc2
c5 15. dxc5 bxc5 16. Ne4 Qb6 17. Nxd6+ Qxd6 18. Be4 Qb8 19. Bxa8 Qxa8 20.
Rd6 Bb5 21. Rhd1 O-O 22. Rh1 Rd8 23. Rhd1 Rxd6 24. Rxd6 Nc4 25. Rd1 Bc6 26.
Qe2 Bd5 27. e4 Nxb2 28. Qxb2 Bxe4 29. Qb6 Qc6 30. Qxc6 Bxc6 31. c4 Bxf3 32.
gxf3 Be5 33. Kc2 f5 34. Rf1 Kf7 35. Kd3 Ke7 36. Ke2 Kd6 37. Rh1 Bg7 38. Rb1
Kc7 39. gxf5 exf5 40. f4 g4 41. f3 h5 42. Rh1 Bh6 43. Rxh5 Bxf4 44. Rxf5
gxf3+ 45. Kxf3 Bd6 46. Ke4 a5 47. Kd5 Be7 48. Rf7 Kd8 49. Rxe7 1-0

[Event "8th ch-Euro"]
[Site "Dresden GER"]
[Date "2007.04.09"]
[Round "7"]
[White "Vitiugov,N"]
[Black "Almasi,Z"]
[Result "1/2-1/2"]
[WhiteElo "2604"]
[BlackElo "2669"]
[EventDate "2007.04.03"]

1. d4 Nf6 2. c4 e6 3. Nc3 Bb4 4. e3 O-O 5. Bd3 d5 6. Nf3 c5 7. O-O dxc4 8.
Bxc4 Nbd7 9. a3 cxd4 10. Nb5 Be7 11. Nbxd4 e5 12. Nf5 Nb6 13. Nxe7+ Qxe7
14. Be2 Rd8 15. Bd2 Bg4 16. Rc1 h6 17. h3 Bh5 18. Qc2 Rac8 19. Bb4 Qe6 20.
Rfd1 Nbd5 21. Qa4 Nxb4 22. Rxd8+ Rxd8 23. Qxb4 Bxf3 24. Bxf3 e4 25. Bd1 Rc8
26. Rxc8+ Qxc8 27. Bb3 Qc1+ 28. Kh2 Qc7+ 29. g3 b6 30. Qd4 Qe7 31. Kg2 g5
32. Bc4 Kg7 33. b4 Kg6 34. Bb3 Qd7 35. Qxd7 Nxd7 36. g4 Ne5 37. Bd5 f5 38.
Be6 fxg4 39. hxg4 Kf6 40. Bf5 h5 41. b5 h4 42. a4 Ke7 43. Bxe4 Nxg4 44. Bf5
Nh6 45. Bc8 g4 46. f3 gxf3+ 47. Kxf3 Nf7 48. Kg4 Nd6 49. Ba6 Ke6 50. Kxh4
Nf5+ 51. Kg4 Nxe3+ 52. Kf3 Nd5 53. a5 bxa5 54. Ke4 Kd6 55. Kd4 Nf6 56. Bb7
Kc7 57. Bf3 Kb6 58. Kc4 Nd7 59. Be2 Nc5 60. Kc3 Ne4+ 61. Kb3 Kc5 62. Bd3
Nd2+ 63. Kc3 Nf3 64. Kb3 Nd4+ 65. Ka4 Kb6 66. Ka3 Ne6 67. Bc4 Nc5 68. Bf1
Kc7 69. Be2 Kd6 70. Bc4 Ke5 71. Be2 Kd4 72. Bf1 1/2-1/2

[Event "8th ch-Euro"]
[Site "Dresden GER"]
[Date "2007.04.09"]
[Round "7"]
[White "Huzman,A"]
[Black "Timofeev,Arty"]
[Result "1/2-1/2"]
[WhiteElo "2591"]
[BlackElo "2663"]
[EventDate "2007.04.03"]

1. d4 Nf6 2. c4 e6 3. Nf3 d5 4. Nc3 Be7 5. Bg5 h6 6. Bh4 O-O 7. e3 b6 8.
Bd3 Bb7 9. O-O Nbd7 10. Qe2 Ne4 11. Bg3 Ndf6 12. Rac1 Nxc3 13. Rxc3 Ne4 14.
Rcc1 Bd6 15. Rfd1 dxc4 16. Bxc4 Bxg3 17. hxg3 Qe7 18. Ne5 Rac8 19. Bb5 c5
20. dxc5 Rxc5 21. Rxc5 1/2-1/2

[Event "8th ch-Euro"]
[Site "Dresden GER"]
[Date "2007.04.09"]
[Round "7"]
[White "Gustafsson,J"]
[Black "Cheparinov,I"]
[Result "1/2-1/2"]
[WhiteElo "2584"]
[BlackElo "2640"]
[EventDate "2007.04.03"]

1. d4 d5 2. c4 c6 3. Nf3 Nf6 4. cxd5 cxd5 5. Nc3 Nc6 6. Bf4 Bf5 7. e3 e6 8.
Qb3 Bb4 9. Bb5 O-O 10. O-O Bxc3 11. Bxc6 Bxb2 12. Bxb7 Bxa1 13. Rxa1 Qb6
1/2-1/2

[Event "8th ch-Euro"]
[Site "Dresden GER"]
[Date "2007.04.09"]
[Round "7"]
[White "Lopez Martinez,J"]
[Black "Sutovsky,E"]
[Result "1/2-1/2"]
[WhiteElo "2550"]
[BlackElo "2629"]
[EventDate "2007.04.03"]

1. e4 e5 2. Nf3 Nc6 3. Bb5 a6 4. Ba4 Nf6 5. d3 b5 6. Bb3 Be7 7. O-O d6 8.
c3 O-O 9. Re1 Na5 10. Bc2 c5 11. Nbd2 Nc6 12. Nf1 h6 13. h3 Be6 14. d4 cxd4
15. cxd4 exd4 16. Nxd4 Nxd4 17. Qxd4 Rc8 18. Ne3 Re8 19. Bd2 Nh5 20. a4 Bf6
21. Qb4 Nf4 22. axb5 axb5 23. Qxb5 Be5 24. Qf1 Qh4 25. Ba4 Bxh3 26. g3 Qh5
27. Qb5 Rb8 28. Qa6 Ra8 29. Qb5 Reb8 30. Bd1 Qg6 31. Rxa8 Rxa8 32. Nf5 Kh7
1/2-1/2

[Event "8th ch-Euro"]
[Site "Dresden GER"]
[Date "2007.04.09"]
[Round "7"]
[White "Riazantsev,A"]
[Black "Murariu,A"]
[Result "1/2-1/2"]
[WhiteElo "2629"]
[BlackElo "2501"]
[EventDate "2007.04.03"]

1. d4 d5 2. c4 c6 3. Nc3 Nf6 4. Nf3 dxc4 5. a4 Bf5 6. e3 e6 7. Bxc4 Bb4 8.
O-O Nbd7 9. Qb3 a5 10. Nh4 O-O 11. f3 Bg6 12. Rd1 Qb6 13. e4 e5 14. Be3
exd4 15. Bxd4 Bc5 16. Qxb6 Bxb6 17. Ba2 Rfd8 18. Bxb6 Nxb6 19. Nxg6 hxg6
20. e5 Nfd5 21. Nxd5 cxd5 22. Rac1 Rac8 23. Rxc8 Rxc8 24. Bxd5 Nxa4 25. e6
Kf8 26. b3 Nc5 27. Rc1 fxe6 28. Bxb7 Rc7 29. Be4 g5 30. Rc4 Ke7 31. b4 axb4
32. Rxb4 Kf6 1/2-1/2

[Event "8th ch-Euro"]
[Site "Dresden GER"]
[Date "2007.04.09"]
[Round "7"]
[White "Movsesian,S"]
[Black "Epishin,V"]
[Result "1/2-1/2"]
[WhiteElo "2637"]
[BlackElo "2554"]
[EventDate "2007.04.03"]

1. e4 c6 2. d4 d5 3. e5 Bf5 4. Be3 e6 5. Nd2 f6 6. Ngf3 Nd7 7. c4 Bb4 8.
Be2 fxe5 9. cxd5 exd5 10. Nxe5 Ngf6 11. O-O O-O 12. Qb3 a5 13. a3 Bd6 14.
f4 Rb8 15. Rae1 c5 16. Nxd7 Bxd7 17. dxc5 Bc7 18. Bd4 b6 19. Ne4 Nxe4 20.
Qxd5+ Kh8 21. Qxe4 bxc5 22. Bxc5 Bb6 23. b4 axb4 24. axb4 Bxc5+ 25. bxc5
Rc8 26. Qd4 Qc7 27. Rc1 h6 28. Rc3 Rf6 29. Bd3 Bc6 30. Bb1 Rd8 31. Qf2 Bb5
32. Qc2 g6 33. Rh3 Kh7 34. Re1 Qxf4 35. Rf3 Qd4+ 36. Kh1 Re6 37. Rfe3 Ba4
38. Qc1 Rxe3 39. Rxe3 Qd1+ 40. Re1 Qxc1 41. Rxc1 Bc6 42. Kg1 Rd2 1/2-1/2

[Event "8th ch-Euro"]
[Site "Dresden GER"]
[Date "2007.04.09"]
[Round "7"]
[White "Kobalia,M"]
[Black "Stocek,J"]
[Result "1-0"]
[WhiteElo "2639"]
[BlackElo "2566"]
[EventDate "2007.04.03"]

1. e4 c5 2. Nf3 d6 3. d4 cxd4 4. Nxd4 Nf6 5. Nc3 a6 6. Be3 e5 7. Nb3 Be6 8.
Qd2 Nbd7 9. O-O-O Be7 10. f4 b5 11. Kb1 Rb8 12. Qe1 O-O 13. Bd3 Bc4 14. Bc1
a5 15. fxe5 dxe5 16. Nd5 Nxd5 17. exd5 Bb4 18. Qe2 a4 19. Nd2 Bxd3 20. Qxd3
a3 21. b3 f5 22. d6 e4 23. Qd5+ Kh8 24. Nf1 Rb6 25. Ne3 Qf6 26. Rhf1 g6 27.
g4 Rxd6 28. Qxb5 Rb8 29. Rxd6 Qxd6 30. Qe2 Nb6 31. Qb5 Nd7 32. Qd5 Nb6 33.
Qxd6 Bxd6 34. gxf5 Na4 35. Nd5 gxf5 36. Rxf5 Kg7 37. h3 Nc5 38. Bxa3 e3 39.
Nxe3 1-0

[Event "8th ch-Euro"]
[Site "Dresden GER"]
[Date "2007.04.09"]
[Round "7"]
[White "Bologan,V"]
[Black "Shomoev,A"]
[Result "1/2-1/2"]
[WhiteElo "2658"]
[BlackElo "2556"]
[EventDate "2007.04.03"]

1. e4 c5 2. Nf3 d6 3. d4 cxd4 4. Nxd4 Nf6 5. Nc3 a6 6. Bc4 e6 7. Bb3 b5 8.
Bg5 Be7 9. Qf3 Qc7 10. Bxf6 Bxf6 11. O-O-O O-O 12. e5 Bxe5 13. Qxa8 Bxd4
14. Rxd4 Nc6 15. Rd2 Bb7 16. Nxb5 axb5 17. Qa3 b4 18. Qa4 Qb6 19. Bc4 Na5
20. Qb5 Nxc4 21. Qxc4 Bd5 22. Rxd5 exd5 23. Qxd5 Qxf2 24. Qe4 Rc8 25. Rd1
d5 26. Rxd5 Qg1+ 27. Rd1 Qxh2 28. b3 h5 29. Rd4 Rb8 30. Kb2 Qg3 31. Rc4 Qd6
32. Qf4 Qb6 33. Qd4 Qa5 34. a4 bxa3+ 35. Ka2 Rd8 36. Qc3 Qg5 37. g3 Qc1 38.
Ra4 Kh7 39. Ra5 Rc8 40. Rxh5+ Kg6 41. Rh1 Qxc2+ 42. Qxc2+ Rxc2+ 43. Kxa3
Rg2 44. b4 Rxg3+ 45. Ka4 f5 46. b5 Re3 47. Rh8 Re1 48. b6 Rb1 49. Ka5 f4
50. Rf8 Kg5 51. Ka6 Kg4 52. b7 f3 53. b8=Q Rxb8 54. Rxb8 f2 55. Rf8 Kg3 56.
Kb5 Kg2 57. Kc4 f1=Q+ 58. Rxf1 Kxf1 59. Kd5 Kf2 60. Ke5 g5 61. Kf5 g4 62.
Ke4 1/2-1/2

[Event "8th ch-Euro"]
[Site "Dresden GER"]
[Date "2007.04.09"]
[Round "7"]
[White "Hillarp Persson,T"]
[Black "Sakaev,K"]
[Result "1/2-1/2"]
[WhiteElo "2557"]
[BlackElo "2641"]
[EventDate "2007.04.03"]

1. d4 d5 2. c4 c6 3. Nf3 Nf6 4. Nc3 dxc4 5. a4 Bf5 6. Ne5 Nbd7 7. Nxc4 Nb6
8. Ne5 a5 9. g3 e6 10. Bg2 Bb4 11. O-O O-O 12. e3 h6 13. Qe2 Bh7 14. Rd1
Nfd7 15. Nd3 Bxd3 16. Rxd3 Qe7 17. f4 f6 18. e4 e5 19. Be3 exd4 20. Bxd4
Nc5 21. Bxc5 Qxc5+ 22. Kh1 Rad8 23. Na2 Qc4 24. Nxb4 axb4 25. Re3 Qxe2 26.
Rxe2 Nc4 27. a5 Nxa5 28. Bh3 b6 29. Be6+ Kh7 30. h4 Rfe8 31. f5 Rd3 32. Kg2
Red8 33. g4 Nb3 34. Bxb3 Rxb3 35. g5 hxg5 36. hxg5 Rdd3 37. Rh1+ Kg8 38. g6
Rg3+ 39. Kf2 Rgf3+ 40. Kg2 Rg3+ 41. Kf2 c5 42. Rd2 Rgf3+ 43. Kg2 Rg3+ 44.
Kf2 Rgf3+ 45. Kg2 Rfd3 46. Rxd3 Rxd3 47. Ra1 Rd8 48. Ra7 Rc8 49. Kf2 c4 50.
Ke2 Rb8 51. Kd2 b5 52. Kc2 b3+ 53. Kc3 Kf8 54. Rf7+ Kg8 55. Rc7 Kf8 56. Kb4
Kg8 57. Kc3 Kf8 58. Rf7+ Kg8 59. Rd7 Kf8 60. Kd2 Kg8 61. Rc7 Kf8 62. Ke3
Kg8 63. Kd2 Kf8 64. Ke3 Kg8 65. Kd2 1/2-1/2